Maryam al-majdalīyah (Record no. 45371)

MARC details
000 -LEADER
fixed length control field 00669cam a22002171 4500
001 - CONTROL NUMBER
control field ne 62001765
003 - CONTROL NUMBER IDENTIFIER
control field DLC
005 - DATE AND TIME OF LATEST TRANSACTION
control field 20260227111739.0
008 - FIXED-LENGTH DATA ELEMENTS--GENERAL INFORMATION
fixed length control field 890329m19619999ua 000 0 ararc
010 ## - LIBRARY OF CONGRESS CONTROL NUMBER
LC control number ne 62001765
035 ## - SYSTEM CONTROL NUMBER
System control number (OCoLC)19475189
040 ## - CATALOGING SOURCE
Original cataloging agency Princeton Univ. Libr.
Transcribing agency CU
Modifying agency CU
-- DLC
042 ## - AUTHENTICATION CODE
Authentication code premarc
050 00 - LIBRARY OF CONGRESS CALL NUMBER
Classification number PJ7858.A8
Item number M3
100 1# - MAIN ENTRY--PERSONAL NAME
Personal name Qaṣṣāṣ, Fuʼād.
245 10 - TITLE STATEMENT
Title Maryam al-majdalīyah
Statement of responsibility, etc. [taʼlīf] Fuʼād al-Qaṣṣāṣ.
260 ## - PUBLICATION, DISTRIBUTION, ETC.
Place of publication, distribution, etc. al-Qāhirah,
Name of publisher, distributor, etc. al-Qiṣṣah al-Jadīdah,
Date of publication, distribution, etc. [1961?-
300 ## - PHYSICAL DESCRIPTION
Extent v.
Dimensions 19 cm.
500 ## - GENERAL NOTE
General note A dialogue prepared originally as a radio program.
600 00 - SUBJECT ADDED ENTRY--PERSONAL NAME
Personal name Mary Magdalene,
Titles and other words associated with a name Saint
Form subdivision Fiction.

No items available.

Powered by Koha